| 000 | 00856nam a2200277 a 4500 | ||
|---|---|---|---|
| 001 | MEB023260 | ||
| 003 | PILC | ||
| 005 | 20150505113531.0 | ||
| 008 | |||
| 020 | _a9789812721013 | ||
| 020 | _a9812721010 | ||
| 040 |
_aUKM _cUKM _dBAKER _dEEM |
||
| 049 |
_aEEMR _aQEMI |
||
| 050 |
_aRJ 245 _b.W872 2007 |
||
| 100 | 1 | _aHockenberry, Marilyn J. | |
| 245 | 1 | 0 |
_aWong's nursing care of infants and children / _cMarilyn J. Hockenberry, David Wilson. |
| 246 | 3 | _aNursing care of infants and children. | |
| 250 | _a8th ed. | ||
| 260 |
_aEdinburgh : _bElsevier Mosby, _c2007. |
||
| 300 |
_axxxii, 1960 pages : _billustrations ; _c26 cm. |
||
| 500 | _aIncludes appendix and index. | ||
| 650 | 0 | _aPediatric nursing. | |
| 700 | 1 |
_aWilson, David, _d1950 Aug. 25- |
|
| 700 | 1 |
_aWong, Donna L., _d1948- |
|
| 942 |
_2lcc _cBK |
||
| 999 |
_c283831 _d283831 |
||